[Event "Canadian op 48th U2000"]
[Site "Toronto"]
[Date "2011.07.11"]
[Round "3"]
[White "Sametova, Zhanna"]
[Black "Beal, Greg"]
[Result "0-1"]
[WhiteElo "1647"]
[BlackElo "1777"]
[PlyCount "42"]
[EventDate "2011.07.09"]
[EventType "swiss"]
[EventRounds "9"]
[EventCountry "CAN"]
[SourceTitle "EXT 2022"]
[Source "ChessBase"]
[SourceDate "2021.10.06"]
[SourceVersion "1"]
[SourceVersionDate "2021.10.06"]
[SourceQuality "1"]

1. e4 e5 2. Nf3 Nc6 3. Bc4 Bc5 4. d3 Nf6 5. Nc3 d6 6. 0-0 Bg4 7. h3 Bh5 8. Be3 Nd4 9. Bxd4 Bxd4 10. Rb1 a6 11. Nd5 Ba7 12. Ne3 Qd7 13. Nf5 0-0-0 14. Ng3 Bg6 15. c3 h5 16. h4 Rhe8 17. a4 d5 18. exd5 Nxd5 19. Re1 Qg4 20. Nf1 Nf4 21. N1h2 Qxg2# 0-1

[Event "Scarborough CC Fall Swiss"]
[Site "Toronto"]
[Date "2008.11.27"]
[Round "5"]
[White "Jizan, Masoud"]
[Black "Beal, Greg"]
[Result "0-1"]
[WhiteElo "1614"]
[BlackElo "1829"]
[PlyCount "116"]
[EventDate "2008.10.30"]
[EventType "swiss"]
[EventRounds "8"]
[EventCountry "CAN"]
[SourceTitle "EXT 2011"]
[Source "ChessBase"]
[SourceDate "2010.11.26"]
[SourceVersion "1"]
[SourceVersionDate "2010.11.26"]
[SourceQuality "1"]

1. e4 e5 2. Nf3 Nc6 3. Bc4 Bc5 4. c3 Nf6 5. Ng5 0-0 6. b4 Bb6 7. a4 a5 8. Qb3 Qe7 9. b5 Nd8 10. Ba3 d6 11. 0-0 h6 12. Nf3 Nxe4 13. Qc2 Ng5 14. Qd1 Qf6 15. Re1 Bg4 16. Be2 Nxf3+ 17. Bxf3 Bxf3 18. Qxf3 Qxf3 19. gxf3 Ne6 20. d3 Nf4 21. Rd1 Rfe8 22. Bc1 Re6 23. Bxf4 exf4 24. d4 Rae8 25. Nd2 d5 26. Kf1 c5 27. Nb3 c4 28. Nc5 Bxc5 29. dxc5 Re5 30. Rd4 Rc8 31. Rad1 Rxc5 32. Rxf4 Kf8 33. Rfd4 Ke7 34. f4 Re4 35. Rxd5 Rxd5 36. Rxd5 b6 37. f5 Rh4 38. Ke2 Rxh2 39. Rd4 Rh5 40. Rxc4 Rxf5 41. Rc6 Re5+ 42. Kd3 Re6 43. Rc7+ Kf6 44. Kd4 h5 45. Kd5 h4 46. c4 h3 47. Rc8 Re5+ 48. Kd6 Rc5 49. Kd7 Rxc8 50. Kxc8 h2 51. Kc7 h1Q 52. Kxb6 Qa8 53. c5 Ke6 54. c6 Kd6 55. c7 Kd7 56. f4 g6 57. c8Q+ Kxc8 58. Kc5 f6 0-1

[Event "Scarborough CC Fall Swiss"]
[Site "Toronto"]
[Date "2008.11.20"]
[Round "4"]
[White "Beal, Greg"]
[Black "Kurkowski, Ken"]
[Result "0-1"]
[WhiteElo "1829"]
[BlackElo "1624"]
[PlyCount "60"]
[EventDate "2008.10.30"]
[EventType "swiss"]
[EventRounds "8"]
[EventCountry "CAN"]
[SourceTitle "EXT 2011"]
[Source "ChessBase"]
[SourceDate "2010.11.26"]
[SourceVersion "1"]
[SourceVersionDate "2010.11.26"]
[SourceQuality "1"]

1. e4 c5 2. Nf3 Nc6 3. d4 cxd4 4. Nxd4 Nf6 5. Nc3 e5 6. Ndb5 d6 7. Bg5 a6 8. Na3 b5 9. Nd5 Be7 10. Bxf6 Bxf6 11. c3 Be6 12. Nc2 0-0 13. Nce3 Bg5 14. Bd3 Ne7 15. 0-0 Bxd5 16. Nxd5 Nxd5 17. exd5 f5 18. a4 Rb8 19. axb5 axb5 20. Ra6 e4 21. Bc2 Qf6 22. Qa1 Qe5 23. Qa3 Rfd8 24. Qb4 e3 25. f4 e2 26. Re1 Bxf4 27. Raa1 Bxh2+ 28. Kh1 Bg3 29. Bd3 Bxe1 30. Rxe1 Qg3 0-1

[Event "Scarborough CC Fall Swiss"]
[Site "Toronto"]
[Date "2008.11.06"]
[Round "2"]
[White "Moffat, Andrei"]
[Black "Beal, Greg"]
[Result "1-0"]
[WhiteElo "2144"]
[BlackElo "1829"]
[PlyCount "81"]
[EventDate "2008.10.30"]
[EventType "swiss"]
[EventRounds "8"]
[EventCountry "CAN"]
[SourceTitle "EXT 2011"]
[Source "ChessBase"]
[SourceDate "2010.11.26"]
[SourceVersion "1"]
[SourceVersionDate "2010.11.26"]
[SourceQuality "1"]

1. a3 e5 2. c4 Nf6 3. Qc2 Nc6 4. e3 Be7 5. b4 d6 6. Bb2 Be6 7. Ne2 Qd7 8. Ng3 h5 9. Bd3 0-0-0 10. b5 Nb8 11. Nc3 h4 12. Nf5 Bf8 13. g3 hxg3 14. Nxg3 g6 15. Nge4 Nxe4 16. Nxe4 f5 17. Ng5 Bg8 18. 0-0-0 Bg7 19. Kb1 Qe7 20. h4 Nd7 21. Be2 Nc5 22. d4 exd4 23. exd4 Ne6 24. Nxe6 Qxe6 25. d5 Qf7 26. Rdg1 Bxb2 27. Qxb2 Bh7 28. Bd3 Rhg8 29. Qd4 Kb8 30. a4 Qg7 31. Qxg7 Rxg7 32. Bxf5 Rf8 33. Be6 Bg8 34. h5 Bxe6 35. dxe6 g5 36. h6 Rg6 37. h7 Rh8 38. e7 Re6 39. Rxg5 Rxe7 40. Rg8+ Re8 41. Rxe8+ 1-0

[Event "Toronto Howard Ridout op"]
[Site "Toronto"]
[Date "2008.10.23"]
[Round "7"]
[White "Beal, Greg"]
[Black "Garel, Rick"]
[Result "0-1"]
[WhiteElo "1826"]
[BlackElo "1901"]
[PlyCount "54"]
[EventDate "2008.09.11"]
[EventType "swiss"]
[EventRounds "7"]
[EventCountry "CAN"]
[SourceTitle "EXT 2011"]
[Source "ChessBase"]
[SourceDate "2010.11.26"]
[SourceVersion "1"]
[SourceVersionDate "2010.11.26"]
[SourceQuality "1"]

1. e4 c5 2. Nf3 d6 3. d4 cxd4 4. Nxd4 Nf6 5. Nc3 a6 6. Bg5 e5 7. Nb3 Be6 8. Nd5 Nbd7 9. c4 h6 10. Bxf6 Nxf6 11. Bd3 Be7 12. 0-0 0-0 13. Rc1 Rc8 14. Qe2 Nd7 15. f4 Bxd5 16. exd5 exf4 17. Qe4 g6 18. Rce1 Ne5 19. Rxf4 Bg5 20. Rff1 Qc7 21. h4 Nxd3 22. hxg5 Nxe1 23. gxh6 Rce8 24. Qh4 Qe7 25. Rf6 Qe3+ 26. Kh1 Re4 27. Qh2 Qg5 0-1

[Event "Toronto Howard Ridout op"]
[Site "Toronto"]
[Date "2008.10.16"]
[Round "6"]
[White "Ferreira, Alex"]
[Black "Beal, Greg"]
[Result "1-0"]
[WhiteElo "1908"]
[BlackElo "1826"]
[PlyCount "33"]
[EventDate "2008.09.11"]
[EventType "swiss"]
[EventRounds "7"]
[EventCountry "CAN"]
[SourceTitle "EXT 2011"]
[Source "ChessBase"]
[SourceDate "2010.11.26"]
[SourceVersion "1"]
[SourceVersionDate "2010.11.26"]
[SourceQuality "1"]

1. e4 e5 2. f4 Bc5 3. c3 d6 4. d4 exd4 5. cxd4 Bb4+ 6. Nc3 Bxc3+ 7. bxc3 Nf6 8. Bd3 c6 9. Nf3 Qc7 10. 0-0 Nbd7 11. e5 dxe5 12. fxe5 Nd5 13. Ng5 g6 14. Rxf7 Qa5 15. Rxh7 Rxh7 16. Bxg6+ Kd8 17. Ne6+ 1-0

[Event "Toronto Howard Ridout op"]
[Site "Toronto"]
[Date "2008.09.11"]
[Round "1"]
[White "Moffat, Andrei"]
[Black "Beal, Greg"]
[Result "1-0"]
[WhiteElo "2198"]
[BlackElo "1826"]
[PlyCount "48"]
[EventDate "2008.09.11"]
[EventType "swiss"]
[EventRounds "7"]
[EventCountry "CAN"]
[SourceTitle "EXT 2011"]
[Source "ChessBase"]
[SourceDate "2010.11.26"]
[SourceVersion "1"]
[SourceVersionDate "2010.11.26"]
[SourceQuality "1"]

1. e4 e5 2. Nf3 Nc6 3. Bc4 Bc5 4. c3 Nf6 5. d3 d6 6. b4 Bb6 7. a4 a6 8. 0-0 h6 9. Nbd2 0-0 10. Ba2 Qe7 11. Nc4 Ba7 12. b5 axb5 13. axb5 Nd8 14. b6 Bxb6 15. Nxb6 cxb6 16. Bxf7+ Nxf7 17. Rxa8 Bg4 18. Rxf8+ Qxf8 19. Re1 Nh7 20. h3 Bh5 21. g4 Nfg5 22. Nxg5 Nxg5 23. Bxg5 Bf7 24. Bd2 Be6 1-0